00414nam a2200145Ia 4500003000400000005001700004008004100021040000900062082001700071100002400088245007800112260005100190300000800241650001900249OSt20201230120338.0190216s9999||||xx |||||||||||||| ||und|| coclc a915.4bGOV/C aGovernment Of India 0aContribution Of The South To The Heritage Of India /cGovernment Of India bThe Publications Divisions,c1961.aNew Delhi: a47p aIndian History